00544nam a2200181Ia 450000500170000000800410001702000150005808200210007324500520009426000300014630000180017665000130019465000150020770000220022294200060024495200970025099900150034720241217014011.0240331s9999 xx 000 0 und d a0415072972 bKAR23952a304.2 0aEcological FeminismbEnvironmental Philosophies aNew YorkbRoutledgec1994 axiii, 209 p., aFeminism aPhilosophy aWarren, K. Jeedt cL 001040708LaWERCLbWERCLcSSCd2024-03-31l0o 304.2 ECOp3952r2024-03-31w2024-03-31yL c1332d1332